000 00585nam a2200217Ia 4500
005 20240104094533.0
008 140110s9999 xx 000 0 und d
020 _a9789381140857
_cRs.395.00
040 _aLoreto College
041 _aEnglish
082 _a891.4
_bBHA
100 _aBhatta,Somdeb
245 _aKathasaritsagar,
_cSomdeb Bhatta
250 _aRetold by Adrish Bardhan
260 _aKolkata
_bParul Prakashani
_c2012
300 _axv, 672p.
650 _aSanskrit literature-Translated in Bengali
700 _aBardhan,Adrish
850 _aLCLIB
942 _cBK
999 _c38632
_d89111